| 000 | 00686nam a2200193Ia 4500 | ||
|---|---|---|---|
| 008 | 140527s9999 xx 000 0 und d | ||
| 020 | _a9781133272069 | ||
| 050 |
_aQA 76.3 _b.An26 2012 |
||
| 100 | _aAndrews, Jean. | ||
| 245 |
_aA+ guide to managing and maintaining your PC with lab exercises : _bhardware / _cJean Andrews |
||
| 250 | _a2nd ed. | ||
| 260 |
_aUnited States : _bCourse Technology, _cc2012. |
||
| 300 |
_a205 p. : _bill. ; _c26 cm. |
||
| 521 | _aIT | ||
| 650 |
_aComputing Technology Industry Association _xExaminations -- Study guides. |
||
| 650 |
_aMicrocomputers _x Maintenance and repair -- Examinations -- Study guides. |
||
| 942 |
_kFOR _cBK |
||
| 999 |
_c117470 _d117470 |
||